000 00385cam a2200157ua 4500
041 _aeng
_h
082 _a821
_bHOO/TA
100 _aHooper , A G .
245 _aTalking of poetry /
_cA G Hooper.
_hTextual Documents
260 _aLondon :
_bOxford University Press ,
_c1961.
300 _a189 ; .
504 _a
700 1 _aHarvey, C J D .
942 _cBK
999 _c4994
_d4994